[Event "19th Hoogeveen op"]
[Site "Hoogeveen NED"]
[Date "2015.10.19"]
[Round "3.15"]
[White "Heemskerk, Wim"]
[Black "Valdes Romero, Leonardo"]
[Result "1-0"]
[WhiteElo "2181"]
[BlackElo "2362"]
[EventDate "2015.10.17"]
[PlyCount "63"]

1.Nf3 Nf6 2.c4 g6 3.g3 Bg7 4.Bg2 O-O 5.O-O d5 6.cxd5 Nxd5 7.d4 Nb6 8.Nc3 
Nc6 9.d5 Na5 10.Qc2 c6 11.dxc6 Nxc6 12.Rd1 Qe8 13.a4 Nb4 14.Qe4 a5 15.Be3 
Ra6 16.Bd4 Bxd4 17.Nxd4 f5 18.Qe5 Qf7 19.Ndb5 Nc4 20.Qc7 Nxb2 21.Rd8 Rxd8 
22.Qxd8+ Qf8 23.Qd4 Qf7 24.Nd5 Nc2 25.Qc5 Nxa1 26.Qxc8+ Qf8 27.Nxe7+ Kf7 
28.Bd5+ Kxe7 29.Qc5+ Ke8 30.Nc7+ Kd7 31.Qxf8 Kxc7 32.Qe7+ 1-0

[Event "19th Hoogeveen op"]
[Site "Hoogeveen NED"]
[Date "2015.10.19"]
[Round "3.16"]
[White "Rudolf, Anna"]
[Black "Hulshof, Peter"]
[Result "1-0"]
[WhiteElo "2329"]
[BlackElo "2175"]
[EventDate "2015.10.17"]
[PlyCount "105"]

1.e4 g6 2.d4 Bg7 3.Nc3 c6 4.Bc4 d6 5.Nf3 Nf6 6.O-O d5 7.Bd3 dxe4 8.Nxe4 
Nxe4 9.Bxe4 O-O 10.c3 Nd7 11.Bf4 c5 12.Be3 Nf6 13.Bc2 cxd4 14.Bxd4 b6 15.
Qe2 Bb7 16.Rfe1 e6 17.Be5 Qe7 18.a4 Nd7 19.Bxg7 Kxg7 20.Red1 Rfd8 21.a5 
Qf6 22.Nd4 Qg5 23.f3 bxa5 24.Nb3 Ne5 25.Be4 Bxe4 26.Qxe4 Qf5 27.Qxf5 gxf5 
28.Nxa5 Rxd1+ 29.Rxd1 Rb8 30.b3 Kf6 31.f4 Ng6 32.g3 Rb5 33.b4 e5 34.Rd6+ 
Kg7 35.fxe5 Nxe5 36.Nb3 Nc4 37.Rc6 Ne5 38.Ra6 Rb7 39.Nd4 f6 40.Nxf5+ Kg6 
41.Nd6 Rc7 42.Nb5 Rd7 43.Rd6 Rb7 44.Nd4 Rc7 45.Ne2 Kf5 46.Kg2 Nd7 47.c4 
Ne5 48.c5 Rb7 49.b5 Nf7 50.Rd5+ Ke6 51.Nf4+ Ke7 52.c6 Rc7 53.Rd2 1-0

[Event "19th Hoogeveen op"]
[Site "Hoogeveen NED"]
[Date "2015.10.19"]
[Round "3.17"]
[White "Den Hartog, Marijn"]
[Black "De Jong, Migchiel"]
[Result "1/2-1/2"]
[WhiteElo "2158"]
[BlackElo "2328"]
[EventDate "2015.10.17"]
[PlyCount "81"]

1.e4 e6 2.d4 d5 3.Nd2 c5 4.exd5 Qxd5 5.Ngf3 cxd4 6.Bc4 Qd6 7.O-O Nf6 8.Nb3
Nc6 9.Nbxd4 Nxd4 10.Nxd4 a6 11.Re1 Qc7 12.Qe2 h6 13.Bd2 Bd6 14.Nf5 Bxh2+ 
15.Kh1 O-O 16.Nxg7 Kxg7 17.g3 Bxg3 18.fxg3 Qc6+ 19.Kh2 e5 20.Qxe5 Kg8 21.
Qd4 b5 22.Bc3 Bb7 23.Re2 Rfe8 24.Rf2 bxc4 25.Qxf6 Qxf6 26.Rxf6 Re2+ 27.Kh3
Bc8+ 28.g4 h5 29.Kh4 hxg4 30.Rh1 Kf8 31.Kg5 Rb8 32.a4 g3 33.Bd4 Rh2 34.
Rxh2 gxh2 35.Rh6 Be6 36.Bf6 Ke8 37.Rxh2 Rb4 38.Rd2 Bd7 39.Re2+ Be6 40.Rd2 
Bd7 41.Re2+ 1/2-1/2

[Event "19th Hoogeveen op"]
[Site "Hoogeveen NED"]
[Date "2015.10.19"]
[Round "3.18"]
[White "Boer, Alef"]
[Black "Lecomte, Robin"]
[Result "0-1"]
[WhiteElo "2151"]
[BlackElo "2317"]
[EventDate "2015.10.17"]
[PlyCount "104"]

1.c4 Nf6 2.g3 e6 3.Bg2 d5 4.Nf3 c5 5.b3 Nc6 6.Bb2 d4 7.e3 e5 8.exd4 exd4 
9.O-O Be7 10.d3 Bf5 11.Re1 Qc7 12.Na3 O-O 13.Nc2 a5 14.a3 Rae8 15.b4 b6 
16.b5 Nb8 17.Ne5 Bd6 18.Nc6 Nxc6 19.Bxc6 Re6 20.Bg2 h5 21.Qd2 Ng4 22.Rxe6 
fxe6 23.Rf1 Qf7 24.f4 Qg6 25.Rf3 e5 26.h3 Nh6 27.fxe5 Bxe5 28.Qf2 Re8 29.
Ne1 Bc8 30.Bc1 Bb7 31.Bxh6 Bxf3 32.Qxf3 Qxh6 33.Qd5+ Kh8 34.Nf3 Qe3+ 35.
Kh2 h4 36.Qf7 Bxg3+ 37.Kh1 Bf4 38.Ng1 Re5 39.Bd5 Kh7 40.Qg8+ Kg6 41.Bf7+ 
Kf6 42.Bd5 Rxd5 43.cxd5 Kg6 44.Qc8 Kh7 45.Qf5+ Kh6 46.Qg4 Bg3 47.Nf3 Qc1+ 
48.Ng1 Qd2 49.Qe6+ g6 50.Nf3 Qxd3 51.Kg2 Qc2+ 52.Kh1 Qf5 0-1

[Event "19th Hoogeveen op"]
[Site "Hoogeveen NED"]
[Date "2015.10.19"]
[Round "3.19"]
[White "Beerdsen, Thomas"]
[Black "Mellema, Andries"]
[Result "1/2-1/2"]
[WhiteElo "2313"]
[BlackElo "2162"]
[EventDate "2015.10.17"]
[PlyCount "90"]

1.e4 e6 2.d4 d5 3.Nd2 dxe4 4.Nxe4 Bd7 5.Nf3 Bc6 6.Bd3 Nd7 7.c3 Ngf6 8.
Nxf6+ Nxf6 9.Bf4 Bxf3 10.Qxf3 c6 11.O-O Qd5 12.Qe2 Qh5 13.Qc2 Be7 14.Qb3 
b5 15.a4 Qd5 16.Qc2 b4 17.cxb4 Bxb4 18.Be5 O-O 19.Rac1 Rad8 20.Be2 Bd6 21.
Bf3 Qa5 22.Rfe1 Bxe5 23.dxe5 Nd7 24.Be4 g6 25.f4 Nb6 26.Bxc6 Rd2 27.Qb3 
Rfd8 28.f5 R2d3 29.Qb5 Qd2 30.fxe6 fxe6 31.a5 Nd5 32.Bxd5 R3xd5 33.Qa6 
Rxe5 34.Rf1 Qxa5 35.Qc4 Qd2 36.Qc7 Rf5 37.Qxa7 Qxb2 38.Rxf5 gxf5 39.Re1 
Qd2 40.Qa1 Kf7 41.Kh1 Qd4 42.Qa2 Qd5 43.Qe2 Kg7 44.h3 Kf6 45.Qh5 Rg8 
1/2-1/2

[Event "19th Hoogeveen op"]
[Site "Hoogeveen NED"]
[Date "2015.10.19"]
[Round "3.20"]
[White "Van Osch, Mees"]
[Black "Hortensius, Lisa"]
[Result "1-0"]
[WhiteElo "2285"]
[BlackElo "2154"]
[EventDate "2015.10.17"]
[PlyCount "67"]

1.e4 c5 2.Nf3 e6 3.d4 cxd4 4.Nxd4 a6 5.Bd3 Ne7 6.O-O Nbc6 7.Nxc6 Nxc6 8.
Be3 Be7 9.Nd2 O-O 10.c3 Qc7 11.f4 d6 12.Qh5 g6 13.Qe2 f5 14.Rae1 Bf6 15.a4
Bd7 16.exf5 exf5 17.Nc4 Rae8 18.Qf3 Ne7 19.Bb6 Qb8 20.Bc2 Bc6 21.Qf2 Nd5 
22.Bd4 b5 23.Na5 Ba8 24.Bb3 Kg7 25.Rxe8 Qxe8 26.axb5 Qxb5 27.Ra1 Qd3 28.
Bxf6+ Nxf6 29.Bc4 Qe4 30.Re1 Ng4 31.Qa7+ Kh6 32.Rxe4 Bxe4 33.h3 Nf6 34.Qe7
1-0

[Event "19th Hoogeveen op"]
[Site "Hoogeveen NED"]
[Date "2015.10.19"]
[Round "3.21"]
[White "Majhi, Ankit"]
[Black "Klapwijk, Bram"]
[Result "1-0"]
[WhiteElo "2233"]
[BlackElo "2151"]
[EventDate "2015.10.17"]
[PlyCount "59"]

1.e4 e6 2.d4 d5 3.Nc3 Nf6 4.e5 Nfd7 5.f4 c5 6.Nf3 Nc6 7.Be3 cxd4 8.Nxd4 
Bc5 9.Qd2 O-O 10.O-O-O a6 11.Nb3 Bxe3 12.Qxe3 b5 13.Bd3 Qc7 14.Qh3 g6 15.
Qh6 f5 16.g4 Nb4 17.gxf5 Nxd3+ 18.cxd3 exf5 19.Kb1 Bb7 20.Nd4 Rfe8 21.Nxf5
Nf8 22.Rhg1 Re6 23.Ne2 Kh8 24.Ned4 Rb6 25.Nd6 Rxd6 26.exd6 Qxd6 27.Rc1 Qf6
28.Nf3 Re8 29.Rc7 Bc8 30.Ne5 1-0

[Event "19th Hoogeveen op"]
[Site "Hoogeveen NED"]
[Date "2015.10.19"]
[Round "3.22"]
[White "Van der Marel, Bert"]
[Black "Hendriks, Richard V"]
[Result "1-0"]
[WhiteElo "2212"]
[BlackElo "2107"]
[EventDate "2015.10.17"]
[PlyCount "65"]

1.b3 e5 2.Bb2 d6 3.g3 Nf6 4.Bg2 g6 5.d3 Bg7 6.Nf3 O-O 7.O-O Nc6 8.Nbd2 h6 
9.e4 Be6 10.h3 Qd7 11.Kh2 g5 12.Ng1 Ne7 13.Nc4 Bxc4 14.bxc4 c5 15.Ne2 Ng6 
16.Rb1 Kh7 17.f4 gxf4 18.gxf4 Nh5 19.f5 Ngf4 20.Nxf4 Nxf4 21.f6 Bh8 22.
Rxf4 exf4 23.e5 Rg8 24.Be4+ Rg6 25.Bc3 Rb8 26.Qh5 Qa4 27.Rg1 Rg8 28.Rg2 d5
29.Bf5 dxc4 30.e6 Qc6 31.Rg4 Qf3 32.Rxg6 Qxh5 33.Rg7# 1-0

[Event "19th Hoogeveen op"]
[Site "Hoogeveen NED"]
[Date "2015.10.19"]
[Round "3.23"]
[White "Losekoot, Pascal"]
[Black "Jeitz, Christian"]
[Result "0-1"]
[WhiteElo "2126"]
[BlackElo "2198"]
[EventDate "2015.10.17"]
[PlyCount "106"]

1.e4 c5 2.Nf3 Nc6 3.d4 cxd4 4.Nxd4 e6 5.Nc3 a6 6.Be2 d6 7.O-O Nf6 8.Be3 
Be7 9.f4 O-O 10.Qe1 Nxd4 11.Bxd4 b5 12.a3 Bb7 13.Bf3 Nd7 14.Qg3 g6 15.Rad1
Qc7 16.e5 Rfd8 17.f5 dxe5 18.fxe6 fxe6 19.Bxb7 Qxb7 20.Bxe5 Nxe5 21.Qxe5 
Qb6+ 22.Kh1 Rxd1 23.Rxd1 Rf8 24.Ne4 Qc6 25.Re1 Rf5 26.Qb8+ Bf8 27.h3 Qxc2 
28.Qb6 Qxb2 29.Qxe6+ Kh8 30.Ng3 Rf6 31.Qc8 Qxa3 32.Re8 Kg7 33.Qd7+ Rf7 34.
Qd4+ Kg8 35.Ne4 Qc1+ 36.Kh2 Qf4+ 37.g3 Qf1 38.h4 b4 39.Qxb4 Qe2+ 40.Kh3 
Qf1+ 41.Kh2 Qb5 42.Qxb5 axb5 43.Rb8 b4 44.Ng5 Rf6 45.Kh3 h6 46.Ne4 Rc6 47.
Rb7 Re6 48.Nf2 Bd6 49.Ng4 h5 50.Nh6+ Kf8 51.Nf7 Re7 52.Rb6 Bc7 53.Rxb4 
Kxf7 0-1

[Event "19th Hoogeveen op"]
[Site "Hoogeveen NED"]
[Date "2015.10.19"]
[Round "3.24"]
[White "Paulet, Iozefina"]
[Black "Kouwenhoven, Derk"]
[Result "1-0"]
[WhiteElo "2184"]
[BlackElo "1918"]
[EventDate "2015.10.17"]
[PlyCount "87"]

1.e4 e5 2.Nf3 Nc6 3.Bb5 a6 4.Ba4 Nf6 5.O-O Be7 6.Re1 b5 7.Bb3 O-O 8.a4 Bb7
9.c3 d5 10.exd5 Nxd5 11.d3 Bf6 12.Nbd2 Nf4 13.d4 Nd3 14.Re3 Nxc1 15.Rxc1 
exd4 16.Rd3 Ne5 17.Nxe5 Bxe5 18.cxd4 Bf4 19.Rc5 Qd6 20.g3 Qg6 21.Bc2 Bd6 
22.Rh5 f5 23.Re3 Bf4 24.Bb3+ Kh8 25.Re6 Rf6 26.Rxf6 gxf6 27.Bc2 Bc8 28.Qf3
Rb8 29.Qxf4 Qxh5 30.Qxc7 Ra8 31.Qc6 Ra7 32.Qxc8+ Kg7 33.Qxf5 Qxf5 34.Bxf5 
bxa4 35.d5 Rb7 36.Nc4 Rb4 37.Bd3 Rb3 38.Be2 Kf7 39.Kf1 Ke7 40.Ke1 Rxb2 41.
Nxb2 a3 42.Bc4 axb2 43.Ba2 Kd6 44.Kd2 1-0

[Event "19th Hoogeveen op"]
[Site "Hoogeveen NED"]
[Date "2015.10.19"]
[Round "3.25"]
[White "Brantjes, Yme"]
[Black "Schoehuys, Erik"]
[Result "1-0"]
[WhiteElo "1962"]
[BlackElo "2182"]
[EventDate "2015.10.17"]
[PlyCount "53"]

1.e4 e5 2.Nf3 d6 3.d4 exd4 4.Nxd4 Nf6 5.Nc3 Be7 6.f3 O-O 7.Bc4 c6 8.Bb3 d5
9.exd5 Bc5 10.Nde2 Nxd5 11.Bxd5 cxd5 12.Qxd5 Qb6 13.Ne4 Qa5+ 14.N2c3 Bb4 
15.Qxa5 Bxa5 16.Bd2 Be6 17.Nc5 Bc8 18.O-O-O Nc6 19.N3e4 Bb6 20.Nd3 Rd8 21.
Bc3 Nd4 22.Kb1 Bd7 23.Ndc5 f5 24.Rxd4 fxe4 25.Rxd7 Bxc5 26.Rxg7+ Kf8 27.
fxe4 1-0

[Event "19th Hoogeveen op"]
[Site "Hoogeveen NED"]
[Date "2015.10.19"]
[Round "3.26"]
[White "Gieben, Stijn"]
[Black "Poghosyan, Tigran"]
[Result "1-0"]
[WhiteElo "1955"]
[BlackElo "2182"]
[EventDate "2015.10.17"]
[PlyCount "67"]

1.e4 c5 2.Nf3 d6 3.d4 cxd4 4.Nxd4 Nf6 5.Nc3 a6 6.f3 e5 7.Nb3 Be6 8.Nd5 
Nxd5 9.exd5 Bf5 10.Be3 Be7 11.Bd3 Bg6 12.Bxg6 hxg6 13.O-O Nd7 14.Qd2 Rc8 
15.Rfc1 Nb6 16.Na5 Nc4 17.Nxc4 Rxc4 18.b3 Rch4 19.h3 Bf6 20.Rab1 Qc8 21.c4
e4 22.Qe2 O-O 23.Bf2 Rf4 24.Qe3 Bg5 25.Bg3 Rf5 26.f4 Bf6 27.Qxe4 Re8 28.
Qd3 Qc5+ 29.Bf2 Qa3 30.Be3 Rh5 31.Rc2 Rh4 32.Kh2 Bd8 33.Re2 Rh8 34.Bc1 1-0

[Event "19th Hoogeveen op"]
[Site "Hoogeveen NED"]
[Date "2015.10.19"]
[Round "3.27"]
[White "Vogel, Jaap"]
[Black "Sadallah, Osama"]
[Result "1/2-1/2"]
[WhiteElo "2175"]
[BlackElo "2067"]
[EventDate "2015.10.17"]
[PlyCount "61"]

1.d4 Nf6 2.Nf3 g6 3.g3 Bg7 4.Bg2 d6 5.O-O O-O 6.c4 c6 7.Nc3 Qa5 8.e4 Bg4 
9.h3 Bxf3 10.Qxf3 Nbd7 11.Qe2 c5 12.d5 Rab8 13.Bd2 Qd8 14.Kh2 Ne8 15.f4 
Nc7 16.a4 Na6 17.Nb5 Bxb2 18.Rab1 Bg7 19.Nxa7 Nb4 20.Nb5 Qa5 21.Bc3 Qxa4 
22.Bxg7 Kxg7 23.e5 dxe5 24.fxe5 Qc2 25.Rfe1 Qxe2 26.Rxe2 Nb6 27.Rc1 Rfe8 
28.Rc3 Red8 29.h4 h6 30.h5 g5 31.Bh3 1/2-1/2

[Event "19th Hoogeveen op"]
[Site "Hoogeveen NED"]
[Date "2015.10.19"]
[Round "3.28"]
[White "Mijnheer, Peter"]
[Black "Kokje, Joris"]
[Result "1-0"]
[WhiteElo "2154"]
[BlackElo "1983"]
[EventDate "2015.10.17"]
[PlyCount "77"]

1.e4 c5 2.c3 Nf6 3.e5 Nd5 4.d4 cxd4 5.cxd4 Nc6 6.Nf3 e6 7.a3 d6 8.Bd3 Qc7 
9.O-O dxe5 10.dxe5 g6 11.Re1 Bg7 12.Qe2 Bd7 13.Bd2 O-O 14.Nc3 Nxc3 15.Bxc3
Rfd8 16.h4 h5 17.Bd2 Be8 18.Bc3 Rd7 19.Rac1 Qd8 20.Bc2 Rc8 21.Qe3 a6 22.
Ng5 Ne7 23.Qf3 Nd5 24.Bxg6 fxg6 25.Nxe6 Qxh4 26.Nxg7 Rf7 27.Nf5 Rxf5 28.
Qxd5+ Bf7 29.Qd4 Rf4 30.Qe3 Bd5 31.Qg3 Qxg3 32.fxg3 Rg4 33.Rcd1 Bc6 34.Re3
h4 35.Rd4 Rxg3 36.Rxg3 hxg3 37.Rg4 Kf7 38.Rxg3 Rd8 39.Rg4 1-0

[Event "19th Hoogeveen op"]
[Site "Hoogeveen NED"]
[Date "2015.10.19"]
[Round "3.29"]
[White "Elgersma, Simon"]
[Black "Bluhm, Sonja Maria"]
[Result "0-1"]
[WhiteElo "2055"]
[BlackElo "2128"]
[EventDate "2015.10.17"]
[PlyCount "92"]

1.e4 e5 2.Nf3 Nc6 3.Bb5 a6 4.Ba4 Nf6 5.d3 b5 6.Bb3 Be7 7.O-O d6 8.a3 O-O 
9.Nc3 Bg4 10.Be3 Na5 11.Ba2 c5 12.h3 Be6 13.Nd5 Bxd5 14.Bxd5 Nxd5 15.exd5 
f5 16.b4 Nb7 17.c3 Bf6 18.Qc2 Rc8 19.Rac1 h6 20.Rfe1 Qe8 21.c4 Qg6 22.Qb3 
f4 23.Bd2 bxc4 24.Rxc4 Qf7 25.Rcc1 Qd7 26.a4 Rb8 27.b5 axb5 28.axb5 Nd8 
29.Rb1 Nf7 30.Re4 Rb7 31.b6 Rfb8 32.Ba5 Bd8 33.Re2 Bxb6 34.Bxb6 Rxb6 35.
Qxb6 Rxb6 36.Rxb6 Qa4 37.Rb1 Qa8 38.Reb2 Qxd5 39.Rb8+ Kh7 40.R8b7 Qxd3 41.
Ra1 e4 42.Ne1 Qc3 43.Rab1 Ne5 44.Re7 d5 45.Kh2 Nd3 46.Nxd3 exd3 0-1

[Event "19th Hoogeveen op"]
[Site "Hoogeveen NED"]
[Date "2015.10.19"]
[Round "3.30"]
[White "Sparenberg, Erik"]
[Black "Lewin, Tammo"]
[Result "1-0"]
[WhiteElo "2088"]
[BlackElo "2021"]
[EventDate "2015.10.17"]
[PlyCount "51"]

1.e4 c5 2.Nf3 e6 3.d4 cxd4 4.Nxd4 Nc6 5.Nc3 Qc7 6.Be3 a6 7.Be2 b5 8.O-O 
Bb7 9.Nxc6 dxc6 10.f4 Nf6 11.Bf3 Be7 12.Qe1 O-O 13.Qf2 c5 14.e5 Nd5 15.
Nxd5 exd5 16.c3 Rfd8 17.Qg3 d4 18.cxd4 cxd4 19.Rac1 Qb6 20.Bf2 Bxf3 21.
Qxf3 Rac8 22.f5 Bg5 23.Rxc8 Rxc8 24.Qg4 Be3 25.f6 Bxf2+ 26.Kh1 1-0

[Event "19th Hoogeveen op"]
[Site "Hoogeveen NED"]
[Date "2015.10.19"]
[Round "3.31"]
[White "Kossen, Johannes"]
[Black "Van der Veen, Jan"]
[Result "1/2-1/2"]
[WhiteElo "2029"]
[BlackElo "2070"]
[EventDate "2015.10.17"]
[PlyCount "73"]

1.d4 Nf6 2.c4 g6 3.Nf3 Bg7 4.g3 O-O 5.Bg2 d6 6.Nc3 c6 7.O-O Qa5 8.Qd2 Qh5 
9.Qg5 Qxg5 10.Bxg5 h6 11.Bd2 Nbd7 12.Rad1 a6 13.Bc1 Re8 14.h3 Rb8 15.e4 e5
16.Rfe1 b5 17.b3 Bf8 18.Bf1 Bb7 19.d5 cxd5 20.cxd5 Rec8 21.Bb2 Be7 22.Rc1 
Bd8 23.b4 Nb6 24.Nd2 g5 25.a3 Rc7 26.Bd3 Rbc8 27.Nf1 Rb8 28.Ne3 Bc8 29.Kg2
Bd7 30.g4 Rcc8 31.Ne2 Na4 32.Ba1 Bb6 33.Nc3 Bxe3 34.Rxe3 Rc7 35.Ree1 Rbc8 
36.Ne2 Nb6 37.f3 1/2-1/2

[Event "19th Hoogeveen op"]
[Site "Hoogeveen NED"]
[Date "2015.10.19"]
[Round "3.32"]
[White "Hilwerda, Jonas"]
[Black "Zepeda, Lorena"]
[Result "1-0"]
[WhiteElo "1954"]
[BlackElo "2106"]
[EventDate "2015.10.17"]
[PlyCount "119"]

1.e4 c5 2.Nf3 d6 3.d4 cxd4 4.Nxd4 Nf6 5.Nc3 a6 6.Qe2 e5 7.Nf5 Bxf5 8.exf5 
Nc6 9.Bg5 Be7 10.O-O-O O-O 11.Bxf6 Bxf6 12.Nd5 Rc8 13.Qd3 Re8 14.f3 Bg5+ 
15.Kb1 Qa5 16.h4 Bh6 17.f6 Re6 18.g4 gxf6 19.g5 e4 20.fxe4 Ne5 21.Qh3 Qc5 
22.c3 Bg7 23.gxf6 Bxf6 24.Qg3+ Kh8 25.Rg1 Nf3 26.Rg2 Nxh4 27.Rf2 Rg8 28.
Qh2 Bg5 29.Bd3 f6 30.Rdf1 Ng6 31.Qh3 Ree8 32.Rh2 Rg7 33.Nxf6 Bxf6 34.Rxf6 
Ne5 35.Kc2 Ng4 36.Rf3 Nxh2 37.Qxh2 Qe5 38.Qf2 Reg8 39.Kb3 b5 40.Rf5 Qe6+ 
41.Ka3 Qe7 42.Kb3 Rb8 43.Qd4 Rf8 44.Rd5 Rf6 45.e5 dxe5 46.Rxe5 Re6 47.Rd5 
Qf6 48.Qc5 Rc6 49.Qb4 Qf7 50.c4 bxc4+ 51.Bxc4 Rg3+ 52.Ka4 Qe8 53.Ka5 Rcg6 
54.Bb3 h6 55.Qd4+ Kh7 56.Rd7+ Qxd7 57.Qxd7+ Rg7 58.Qf5+ Kh8 59.Qf8+ Kh7 
60.Bc2+ 1-0

[Event "19th Hoogeveen op"]
[Site "Hoogeveen NED"]
[Date "2015.10.19"]
[Round "3.33"]
[White "Berghuis, Marten"]
[Black "Halfhide, Sebastian"]
[Result "0-1"]
[WhiteElo "1981"]
[BlackElo "2102"]
[EventDate "2015.10.17"]
[PlyCount "172"]

1.e4 c5 2.Nf3 e6 3.d4 cxd4 4.Nxd4 Nc6 5.c4 Nf6 6.Nc3 Bb4 7.Qd3 O-O 8.Be2 
d5 9.Nxc6 bxc6 10.cxd5 cxd5 11.exd5 Nxd5 12.Bd2 Bb7 13.Nxd5 Bxd2+ 14.Qxd2 
Bxd5 15.O-O Qb6 16.Rfd1 Rfd8 17.Qd4 Qc7 18.Bd3 Rab8 19.b3 g6 20.Qh4 Rdc8 
21.Qg5 Qc3 22.h4 Kg7 23.h5 h6 24.Qg3 g5 25.Qe3 a5 26.Rac1 Qb2 27.Rb1 Qf6 
28.Rbc1 Rxc1 29.Rxc1 Rb4 30.Bc4 Qb2 31.a3 Rb7 32.Bxd5 exd5 33.Rc8 Qb1+ 34.
Kh2 Qe4 35.Qc5 Re7 36.g3 Qe5 37.Qxa5 g4 38.Qd2 Qxh5+ 39.Kg2 Qe5 40.Rc1 
Qe4+ 41.Kg1 d4 42.Rd1 Rd7 43.Qd3 Qd5 44.b4 h5 45.Re1 h4 46.gxh4 Rd6 47.Qe4
Qxe4 48.Rxe4 d3 49.Re1 Ra6 50.Re4 f5 51.Rd4 Rxa3 52.Kg2 Kg6 53.b5 Rb3 54.
Rd5 d2 55.Rxd2 Rxb5 56.Kg3 Rb3+ 57.Kg2 Kh5 58.Rd8 Kxh4 59.Rh8+ Kg5 60.Rg8+
Kf4 61.Ra8 Rb4 62.Rg8 Rb6 63.Ra8 Rg6 64.Ra4+ Kg5 65.f3 f4 66.Ra5+ Kh4 67.
fxg4 Kxg4 68.Ra4 Rb6 69.Kf2 Rb2+ 70.Kf1 Kg3 71.Ra8 Rf2+ 72.Ke1 Rb2 73.Rg8+
Kf3 74.Ra8 Re2+ 75.Kf1 Rb2 76.Ke1 Rb1+ 77.Kd2 Kf2 78.Rg8 f3 79.Rg7 Rg1 80.
Rf7 Rg4 81.Kd1 Rd4+ 82.Kc2 Ke2 83.Re7+ Kf1 84.Rf7 f2 85.Kc1 Kg2 86.Rg7+ 
Kf3 0-1

[Event "19th Hoogeveen op"]
[Site "Hoogeveen NED"]
[Date "2015.10.19"]
[Round "3.34"]
[White "Henseler, Jorgen"]
[Black "Van Dael, Siem"]
[Result "1-0"]
[WhiteElo "2069"]
[BlackElo "1978"]
[EventDate "2015.10.17"]
[PlyCount "69"]

1.c4 Nf6 2.Nc3 g6 3.Nf3 Bg7 4.g3 O-O 5.Bg2 d6 6.O-O e5 7.d3 Re8 8.Rb1 a5 
9.a3 e4 10.dxe4 Nxe4 11.Nxe4 Rxe4 12.Bg5 Qe8 13.Re1 Rxc4 14.Qb3 Rc5 15.Be3
Be6 16.Qd1 Rb5 17.Nd4 Bxd4 18.Qxd4 Nc6 19.Bxc6 Qxc6 20.Rec1 Qd7 21.Bh6 f5 
22.Rc3 Qf7 23.Re3 Rd5 24.Qc3 Rc5 25.Qd2 Ra6 26.Rc1 Rd5 27.Rd3 c6 28.Rxd5 
Bxd5 29.Rc3 Qe6 30.Re3 Qd7 31.Qd4 Ra8 32.Qf6 Qf7 33.Qxd6 Rf8 34.Bxf8 Qxf8 
35.Qd7 1-0

[Event "19th Hoogeveen op"]
[Site "Hoogeveen NED"]
[Date "2015.10.19"]
[Round "3.35"]
[White "Boer, Bas De"]
[Black "Munnik, Talitha"]
[Result "1/2-1/2"]
[WhiteElo "1863"]
[BlackElo "2037"]
[EventDate "2015.10.17"]
[PlyCount "178"]

1.d4 d5 2.c4 e6 3.Nc3 Nf6 4.cxd5 exd5 5.Bg5 Be7 6.e3 O-O 7.Bd3 c6 8.Qc2 
Nbd7 9.Nge2 Re8 10.O-O Nf8 11.f3 Be6 12.Rad1 a6 13.Kh1 Rc8 14.e4 dxe4 15.
fxe4 Ng4 16.Bc1 Bh4 17.Kg1 Bg5 18.Rf3 Ng6 19.h3 Bxc1 20.Qxc1 Nf6 21.Rdf1 
Nd7 22.Qe1 Ndf8 23.Qf2 Rc7 24.e5 c5 25.d5 Bxd5 26.Nxd5 Qxd5 27.Nc3 Qd4 28.
Re3 Rxe5 29.Be4 Qd6 30.Rd1 Qe6 31.Bd5 Qe8 32.Ne4 Ne6 33.Nd6 Qa4 34.b3 Qf4 
35.Rf3 Rxd5 36.Rxd5 Qc1+ 37.Kh2 f6 38.Re3 Ne5 39.Ne4 Rf7 40.Rc3 Qa3 41.
Nxc5 Nf8 42.Ne4 Qb4 43.Rd4 Qa5 44.Rc8 Nc6 45.Rd2 Qe5+ 46.Ng3 f5 47.Re2 Qd6
48.Kh1 Qd3 49.Ree8 Qd1+ 50.Nf1 h6 51.Re1 Qd7 52.Rce8 Kh7 53.Qc5 Ng6 54.
R8e6 Qd3 55.Rd6 Qb5 56.Qxb5 axb5 57.Rd5 b4 58.Nd2 Nf4 59.Rd6 Ng6 60.Nc4 
Rc7 61.Rd5 Nge7 62.Rd2 Na7 63.Kg1 Nb5 64.Rde2 Nc6 65.Ne3 Ncd4 66.Rd2 Rc3 
67.Nd5 Rc5 68.Nxb4 Kg6 69.Kf2 Kf6 70.Red1 Ne6 71.Rd5 Nc3 72.Rxc5 Nxd1+ 73.
Ke2 Nxc5 74.Kxd1 Ke5 75.Ke2 Kd4 76.Nc2+ Ke4 77.b4 Nd3 78.a4 Nf4+ 79.Kf2 
Kd3 80.Ne3 g6 81.a5 Kd4 82.b5 Nd3+ 83.Ke2 Nf4+ 84.Kf3 Ne6 85.a6 bxa6 86.
bxa6 Kc5 87.a7 Nc7 88.g4 fxg4+ 89.Kxg4 Kc6 1/2-1/2

[Event "19th Hoogeveen op"]
[Site "Hoogeveen NED"]
[Date "2015.10.19"]
[Round "3.36"]
[White "Van Randtwijk, Mick"]
[Black "Bekedam, Tyro"]
[Result "1-0"]
[WhiteElo "1852"]
[BlackElo "1981"]
[EventDate "2015.10.17"]
[PlyCount "89"]

1.e4 c6 2.d4 d5 3.Nc3 dxe4 4.Nxe4 Bf5 5.Ng3 Bg6 6.Nf3 Nd7 7.h4 h6 8.h5 Bh7
9.Bd3 Bxd3 10.Qxd3 e6 11.Bd2 Ngf6 12.O-O-O Be7 13.Kb1 O-O 14.c4 Qc7 15.Bc3
Rfd8 16.Qc2 c5 17.b3 Rac8 18.Bb2 a5 19.Rde1 a4 20.d5 Nf8 21.Be5 Qb6 22.
dxe6 Nxe6 23.Nf5 Bf8 24.Nxh6+ gxh6 25.Bxf6 Nd4 26.Bxd8 Rxd8 27.Nxd4 cxd4 
28.Rh3 axb3 29.Rxb3 Qf6 30.Rd3 Bg7 31.Re4 Kf8 32.Qb2 Qf5 33.Qxb7 Be5 34.
Rf3 Qxf3 35.gxf3 Rb8 36.Qxb8+ Bxb8 37.Rxd4 Ba7 38.Rd2 Ke7 39.a4 Kf6 40.a5 
Kg5 41.a6 Kxh5 42.Rd7 Bxf2 43.a7 Bxa7 44.Rxa7 Kg6 45.c5 1-0

[Event "19th Hoogeveen op"]
[Site "Hoogeveen NED"]
[Date "2015.10.19"]
[Round "4.1"]
[White "Sengupta, Deep"]
[Black "l`Ami, Erwin"]
[Result "1/2-1/2"]
[WhiteElo "2580"]
[BlackElo "2619"]
[EventDate "2015.10.17"]
[PlyCount "87"]

1.e4 e5 2.Nf3 Nc6 3.Bb5 a6 4.Ba4 Nf6 5.O-O Be7 6.d3 d6 7.Bxc6+ bxc6 8.h3 
O-O 9.Nbd2 h6 10.Re1 Nh7 11.d4 exd4 12.Nxd4 Bd7 13.Nf1 c5 14.Nf3 Re8 15.
Qd3 Ng5 16.Ng3 Nxf3+ 17.Qxf3 Bg5 18.Bxg5 hxg5 19.Re3 Re5 20.Rae1 Rb8 21.b3
Qe7 22.Qe2 a5 23.Nf1 Bb5 24.c4 Bc6 25.Nh2 Re8 26.Qd2 a4 27.Ng4 Re6 28.e5 
axb3 29.axb3 Qd8 30.Rd1 Qa8 31.Rg3 Rg6 32.Re1 Qc8 33.Rge3 Qd7 34.Qc2 Bb7 
35.f3 Bc6 36.R1e2 Qd8 37.Qb1 Bd7 38.Nf2 Rge6 39.Qe1 f6 40.exf6 Rxe3 41.f7+
Kxf7 42.Rxe3 Rxe3 43.Qxe3 Bf5 44.Ne4 1/2-1/2

[Event "19th Hoogeveen op"]
[Site "Hoogeveen NED"]
[Date "2015.10.19"]
[Round "4.2"]
[White "Bok, Benjamin"]
[Black "Debashis, Das"]
[Result "1/2-1/2"]
[WhiteElo "2591"]
[BlackElo "2501"]
[EventDate "2015.10.17"]
[PlyCount "55"]

1.e4 c5 2.Nf3 d6 3.d4 cxd4 4.Nxd4 Nf6 5.Nc3 a6 6.Be3 e5 7.Nf3 Nc6 8.Bc4 
Be6 9.Bb3 Be7 10.O-O O-O 11.Qe2 Na5 12.Rfd1 Nxb3 13.axb3 Qe8 14.Bg5 Nh5 
15.Nh4 Bxg5 16.Qxh5 Bxh4 17.Qxh4 Qd8 18.Qg3 Rc8 19.Rd2 Rc6 20.Nd1 Qb6 21.
Ne3 Qb4 22.Rad1 Qxe4 23.Rxd6 Rxd6 24.Rxd6 h6 25.h3 Rc8 26.Kh2 Kf8 27.c4 
Kg8 28.Ng4 1/2-1/2

[Event "19th Hoogeveen op"]
[Site "Hoogeveen NED"]
[Date "2015.10.19"]
[Round "4.3"]
[White "Pruijssers, Roeland"]
[Black "Bogner, Sebastian"]
[Result "1/2-1/2"]
[WhiteElo "2501"]
[BlackElo "2557"]
[EventDate "2015.10.17"]
[PlyCount "63"]

1.e4 c5 2.Nf3 a6 3.c4 Nc6 4.d4 cxd4 5.Nxd4 e5 6.Nc2 Bc5 7.Nc3 d6 8.Be2 Nf6
9.Bg5 h6 10.Bh4 Be6 11.Bd3 Rc8 12.O-O g5 13.Bg3 h5 14.h3 h4 15.Bh2 Rg8 16.
b4 Ba7 17.Nd5 g4 18.hxg4 Bxg4 19.Be2 Bh3 20.Bf3 Bxg2 21.Bxg2 h3 22.Qf3 
Nxd5 23.exd5 hxg2 24.Rfd1 Nd4 25.Nxd4 Bxd4 26.Rxd4 exd4 27.Re1+ Kf8 28.Qh3
Rxc4 29.Qh6+ Rg7 30.Qh8+ Rg8 31.Qh6+ Rg7 32.Qh8+ 1/2-1/2

[Event "19th Hoogeveen op"]
[Site "Hoogeveen NED"]
[Date "2015.10.19"]
[Round "4.4"]
[White "Vishnu, Prasanna V"]
[Black "Ehlvest, Jaan"]
[Result "1-0"]
[WhiteElo "2503"]
[BlackElo "2535"]
[EventDate "2015.10.17"]
[PlyCount "95"]

1.e4 Nf6 2.e5 Nd5 3.d4 d6 4.c4 Nb6 5.f4 dxe5 6.fxe5 Nc6 7.Be3 Bf5 8.Nc3 e6
9.Be2 Qh4+ 10.g3 Qe7 11.c5 Nd5 12.Nxd5 exd5 13.Nf3 Qd7 14.O-O Be7 15.Ng5 
Bxg5 16.Bxg5 h6 17.Be3 Nd8 18.Rf2 c6 19.a3 Bg6 20.Bg4 Qe7 21.h4 Ne6 22.Qd2
b6 23.cxb6 axb6 24.Rc1 Rc8 25.Rcf1 h5 26.Bf5 O-O 27.Qd3 c5 28.Bxg6 fxg6 
29.dxc5 Rxf2 30.Bxf2 bxc5 31.Qxd5 Kh7 32.Be3 c4 33.Rc1 Rb8 34.Rc2 Rd8 35.
Qxc4 Rd1+ 36.Kh2 Qb7 37.Rg2 Qf3 38.Bg1 Qf5 39.Rf2 Qb1 40.Qxe6 Rxg1 41.Qd5 
Rd1 42.Qg2 g5 43.hxg5 Rd4 44.Qf3 Qg6 45.e6 Qxe6 46.Qxh5+ Kg8 47.b4 g6 48.
Qf3 1-0

[Event "19th Hoogeveen op"]
[Site "Hoogeveen NED"]
[Date "2015.10.19"]
[Round "4.6"]
[White "Gopal, Geetha Narayanan"]
[Black "Pavlidis, Antonios"]
[Result "1-0"]
[WhiteElo "2536"]
[BlackElo "2522"]
[EventDate "2015.10.17"]
[PlyCount "79"]

1.e4 e5 2.Nf3 Nc6 3.Bb5 a6 4.Ba4 Nf6 5.O-O Be7 6.d3 d6 7.c3 O-O 8.Nbd2 b5 
9.Bc2 d5 10.Re1 dxe4 11.dxe4 Be6 12.Qe2 Nh5 13.g3 Nf6 14.a4 b4 15.Nc4 Nd7 
16.Rd1 Qc8 17.Ne3 bxc3 18.bxc3 Na5 19.Rb1 Nb7 20.Nf5 Bc5 21.Ng5 Bxf5 22.
exf5 Nd6 23.Ne4 Nxe4 24.Bxe4 c6 25.Bg5 Nf6 26.Bxf6 gxf6 27.Qc4 Be7 28.Rb6 
Rd8 29.Rxd8+ Qxd8 30.Rxc6 Rb8 31.Bd5 Kf8 32.Kg2 Qd7 33.Bxf7 Qxf5 34.Be6 
Qg6 35.Rxa6 Qc2 36.Rc6 Qg6 37.a5 e4 38.a6 e3 39.a7 Rd8 40.Rc8 1-0